00298 a2200133 450000100060000002000180000604000240002410000180004824000280006624500230009430000070011736200090012465000310013348233 a9788599993736 cAnchieta - Aquarius aPeixe, Marcos10aO que a gente faz?lpor10aO que a gente faz? a410 a2017 4aLiteratura infanto-juvenil